| 000 | 00757pam a2200217 a 4500 | ||
|---|---|---|---|
| 005 | 20250901165455.0 | ||
| 008 | 860106r19861985nyu b 001 0 eng | ||
| 010 | _a 85045619 | ||
| 020 |
_a0060970278 (pbk.) : _c$7.95 |
||
| 050 | 1 | 0 |
_aE169.12 .H29 1986 _b.H29 1986 |
| 082 | 0 | 0 |
_a306/.0973 _219 |
| 245 | 0 | 0 |
_aHabits of the heart : _bindividualism and commitment in American life / _cRobert N. Bellah ... [et al.]. |
| 250 | _a1st Perennial Library ed. | ||
| 260 |
_aNew York : _bHarper & Row, _c1986, c1985. |
||
| 300 |
_axii, 355 p. ; _c20 cm. |
||
| 500 | _a"Perennial Library." | ||
| 500 | _a"PL 7027"--Cover. | ||
| 500 | _aReprint. Originally published: Berkeley : University of California Press, c1985. | ||
| 500 | _aIncludes index. | ||
| 942 | _2lcc | ||
| 999 |
_c4547 _d4547 |
||